Bundesliga Teams 2023/2024 - Statistiken

Allgemein
  • Dieses Quiz wurde 661 mal gespielt
  • Das Durchschnittsergebnis liegt bei 17 aus 18
Antwortstatistiken
Verein % Korrekt
FC Bayern München
100%
Borussia Dortmund
99%
RB Leipzig
97%
Bayer Leverkusen
95%
Union Berlin
95%
VfB Stuttgart
95%
1. FC Heidenheim
94%
Eintracht Frankfurt
92%
SC Freiburg
92%
1. FC Köln
91%
1. FSV Mainz 05
91%
VfL Wolfsburg
90%
Werder Bremen
90%
FC Augsburg
88%
VfL Bochum
88%
Borussia Mönchengladbach
87%
TSG 1899 Hoffenheim
87%
SV Darmstadt 98
85%
Keine übereinstimmenden Quizze gefunden
Verteilung der Resultate
Anzahl Personen mit jedem Resultat
Perzentil nach korrekt beantworteten Fragen
Ihre Resultats-Entwicklung
Sie haben dieses Quiz noch nicht gespielt